00533nam a2200205 a 4500001001300000003000900013005001700022008004100039020002300080082001900103100001600122245003500138260004400173300000900217500003500226505001000261650001800271650002200289700001600311nice12345678IN_TiNIC20260116013836.0050524s1998 dela grp 000 0 eng  a8171005 c99000a324.24082bBAK aBakshi, S R aMuslim League and Its Ideology aDelhibDeep and Deep Publicationsc1998 a474p aincludes index and biblioraphy2 aIndex aMuslim League aCommunalism-India1 aBakshi, S R